000 03574nam a2200457 a 4500
005 20080717065509.0
008 071030s2008 ii b 001 0 eng
010 _aENG-91341
020 _a8178271966
_c450.00
035 _aEN-74874
035 _aB-360061-071
037 _bDBAD / PUB
037 _bManak Publications
040 _adpl
_bEnglish
082 _a921
100 _aRafiya Nisar,
245 _aShaikh-ul-Hind Maulana Mahmud Hasan and Indian freedom movement /
_cby Rafiya Nisar.
260 _aNew Delhi :
_bManak Publications
_c2008.
270 _aB-7, Saraswati Complex, Subhash Chowk, Laxmi Nagar,
_bNew Delhi
_e110092
300 _axxiv, 152 p.
_c23 cm (Hb)
500 _aIncludes bibliographical references and index.
520 _aBiography of Maḥmūdulḥasan, 1851-1920, freedom fighter and Islamic scholar.
600 _aMaḥmūdulḥasan,
_d1851-1920.
650 _aNationalists
_zIndia
_vBiography.
650 _aScholars, Muslim
_zIndia
_vBiography.
651 _aIndia
_xPolitics and government
_y1857-1919.
942 _2ddc
_cEN
_mRAF
_h921
999 _c16729
_d16729